Legislación de minas
Gespeichert in:
| 1. Verfasser: | |
|---|---|
| Format: | Buch |
| Sprache: | Spanisch |
| Veröffentlicht: |
Granada
De Sanz
1843
|
| Schlagworte: | |
| Tags: |
Tag hinzufügen
Keine Tags, Fügen Sie den ersten Tag hinzu!
|
MARC
| LEADER | 00000nam a2200000 a 4500 | ||
|---|---|---|---|
| 001 | UCR2384 | ||
| 003 | CL-VaPUC | ||
| 008 | 980112e18430000SP |||||||||||||||||spa|d | ||
| 082 | 0 | 4 | |a 343.077 |b ORT |2 21 |
| 100 | |a Ortiz de Zúñiga, D. M. |e autor |9 400172 | ||
| 245 | 1 | 0 | |a Legislación de minas |
| 300 | |a 148 p | ||
| 942 | |c BK | ||
| 945 | |d 19980112 00:00:00 |a cmena | ||
| 260 | |a Granada |b De Sanz |c 1843 | ||
| 650 | 0 | |a Derecho minero |9 257109 | |
| 650 | 0 | |a Minas |9 255522 | |
| 650 | 7 | |a SERVIDUMBRES MINERAS |2 CL-VaPUC |9 400173 | |
| 650 | 0 | |a Concesiones mineras |9 256334 | |
| 650 | 0 | |a Contratos mineros |9 344920 | |
| 650 | 0 | |a Yacimientos |9 400174 | |
| 650 | 0 | |a Código de minería |9 256729 | |
| 583 | |a last modification |c 19980112 00:00:00 |k Rodrigo Vera | ||
| 999 | |c 265552 |d 265550 | ||
| 952 | |0 0 |1 0 |4 0 |6 343_077000000000000_ORT_1843 |7 0 |8 DER_HIS |9 296527 |a BIBDER |b BIBDER |d 2019-11-20 |i 1923609 |o 343.077 ORT 1843 |p 1923609 |r 2023-01-25 |w 2019-11-20 |x Ubicación 4to Piso |y BK_X |z Estos recursos deben solicitarse con anticipación |k DER | ||